Desperate Housewives - Statistics

General Stats
  • This quiz has been taken 629 times
  • The average score is 12 of 13
Answer Stats
Hint Answer % Correct
Mason/Hodge/Weston/Van de Kamp Bree
100%
Delfino Mike
100%
Scavo Tom
100%
Solis Carlos
99%
Marquez/Lang/Solis Gabrielle
99%
Bremmer/Mayer/Delfino Susan
99%
Lindquist/Scavo Lynette
98%
Hodge Orson
96%
Britt Edie
94%
Young Paul
94%
Van de Kamp Rex
94%
Young Mary Alice
92%
Rowland John
71%
No matching quizzes found
Score Distribution
Percent of People with Each Score
Percentile by Number Answered
Your Score History
You have not taken this quiz